| 000 | 00678nam a2200229Ia 4500 | ||
|---|---|---|---|
| 003 | OSt | ||
| 005 | 20220925224915.0 | ||
| 006 | a|||||r|||| 00| 0 | ||
| 007 | ta | ||
| 008 | 220923b |||||||| |||| 00| 0 eng d | ||
| 037 | _cGeneral Book | ||
| 040 |
_aRTL _cRTL _beng |
||
| 041 |
_2eng _aeng |
||
| 082 | _aX9(MD123):9.3.N3, N0 | ||
| 100 |
_aWhipp Richard _9280875 |
||
| 245 | 0 |
_aPatterns of labour _b Work and social change in the |
|
| 260 |
_aLondon _bRoutledge Publications UK _c1990 |
||
| 300 |
_ax,248p _ccm. |
||
| 650 |
_aLeather Industry _9242577 |
||
| 942 |
_hX9(MD123):9.3.N3, N0 _cGB _2CC |
||
| 999 |
_c582544 _d582544 |
||